LEADER 01705ngm 2200529Ic 450 001 9910888499103321 005 20241217105722.0 035 $a(CKB)4100000010143143 035 $a(FOD)154714 035 $a(EXLCZ)994100000010143143 071 40$a154714$bInfobase 071 40$a[154694]s$bInfobase 100 $a20230314d2013uuuu -u- v 101 0 $aeng 135 $aurcna||||| 181 $ctdi$2rdacontent 182 $cc$2rdamedia 183 $acr$2rdacarrier 200 00$aCell Structure /$fDiscovery Education 210 1$a[Place of publication not identified] : $cDiscovery Education, $d[2013] 210 4$dİ2013 215 $a1 online resource (1 video file (3 min., 36 sec)) $csound, color 225 1 $aScience in Progress 327 $tCell Structure (3:36); 330 $aThis program profiles the structure of a eukaryotic cell, describing the form and function of each part of a cell. The program covers the phospholipid bilayer, cytoskeleton, cytoplasm, mitochondria, lysosome, nucleus, and the rough and smooth endoplasmic reticulums. 410 0$aScience in Progress. 606 $aBiology 606 $aCell metabolism 606 $aCell physiology 606 $aCells 606 $aCytology 606 $aLife sciences 606 $aMetabolism 608 $aInternet videos.$2lcgft 615 0$aBiology. 615 0$aCell metabolism. 615 0$aCell physiology. 615 0$aCells. 615 0$aCytology. 615 0$aLife sciences. 615 0$aMetabolism. 712 02$aDiscovery Education (Firm) 801 0$bAzPhAEM 906 $aVIDEO 912 $a9910888499103321 996 $aCell Structure$94253626 997 $aUNINA